000 00356nam a2200121Ia 4500
008 160609s9999 xx 000 0 und d
100 _aVillarejo, Amy.
245 _aFilm Studies: The Basics (2nd Edition)
245 _cBy:Amy Villarejo
260 _c2013
650 _xINTRODUCTION TO FILM
856 _uhttp://file.ebook777.com/005/FilStuTheBas(2nEdi.pdf
999 _c295619
_d295619